000 00784 a2200277 4500
001 111259
020 _a9780778734178 (lib. bdg. : alk. paper)
020 _a9780778734376 (pbk. : alk. paper)
041 _apor
090 _aYear 4 363
092 _a2008052411
100 _aKalman, Bobbie
250 _a. ed.
300 _a32 p.
490 _aKalman, Bobbie. ABCs of the natural world
697 _aAlphabet.
697 _aHuman ecology
697 _aEnglish language - Alphabet books
697 _aEnvironmental protection
830 _aKalman, Bobbie. ABCs of the natural world
856 _u00001d/00001d12.jpg
040 _aBR-BrIDEA
_cBR-BrIDEA
245 1 0 _aThe ABCs of the environment
_c Bobbie Kalman
260 _a[S.l.]
_bCrabtree
_c2009
942 _cBK
999 _c111259
_d111259